| 000 | 00404nam a2200169Ia 4500 | ||
|---|---|---|---|
| 001 | 11059 | ||
| 005 | 20260306161918.0 | ||
| 008 | 260306t9999||||xx |||||||||||||| ||spa|| | ||
| 041 | _aESP | ||
| 082 |
_a985.001 _bP78 |
||
| 100 |
_aPontificia Universidad Católica del Perú _eAUT |
||
| 245 | 0 | _aHomenaje a Riva Agüero | |
| 300 |
_a _c |
||
| 650 | _aGEN | ||
| 654 | _aCHU | ||
| 942 |
_cLIB _dJUS _fJUS _2ddc _n |
||
| 999 |
_c11059 _d11059 |
||